| 000 | 01262cam a2200325 4500 | ||
|---|---|---|---|
| 001 | M1412 | ||
| 008 | 090401t1993 xxu||||| |||| 00| 0 eng d | ||
| 035 | _a(Sirsi) u31776 | ||
| 041 | _aeng | ||
| 050 | _a338.181 | ||
| 090 | _aRICS 1993/29A | ||
| 110 |
_aRoyal Institution of Chartered Surveyors _94900 |
||
| 245 | _aBeef and sheep quotas: an update...held at Royal Agricultural College, Cirencester on Friday 23 April 1993. | ||
| 260 |
_aLondon _bRICS _c1993 |
||
| 300 | _a5 items in folder ; 30cm | ||
| 350 | _a0 | ||
| 520 | _aPapers: - Memorandum on common agricultural policy changes 1993/ PERKINS, EDWARD - Beef and sheep quotas: implications for landlord and tenant relations/ RODGER, MARTIN - RICS Guidance Notes on Conduct of Farm Quota Agents/ MARTIN, ALASTAIR - The Dairy Produce Quotas Regulations 1993/ CARTER, DAVID | ||
| 650 | _aPROPERTY-LANDLORD AND TENANT-TENANCIES-AGRICULTURAL TENANCIES | ||
| 650 | _aBEEF QUOTAS | ||
| 650 | _aCOMMON AGRICULTURAL POLICY | ||
| 650 | _aDAIRY PRODUCE QUOTAS REGULATIONS 1993 | ||
| 650 | _aEWE PREMIUM | ||
| 650 | _aFARM QUOTA AGENTS | ||
| 650 | _aMILK QUOTAS | ||
| 650 | _aSHEEP QUOTAS | ||
| 650 | _aSUCKLER COW PREMIUM | ||
| 690 | _aRURAL PRACTICE | ||
| 942 | _n0 | ||
| 948 | _c04/03/1997 | ||
| 999 |
_c89625 _d89625 |
||